000 00614nam a2200181Ia 4500
008 151018s9999 xx 000 0 und d
082 _bRBASDV24238
_a891.463
100 _aपद्मा कुलकर्णी
245 _aस्वप्नसंदेश
250 _b1
260 _bराजेंद्र प्रकाशन ठाणे
_c1988
300 _a228
600 _aपद्मा कुलकर्णी
630 _aस्वप्नसंदेश
700 _aपद्मा कुलकर्णी
730 _aस्वप्नसंदेश
942 _cBOOK
999 _c1023884
_d1023881